000 004150000a22001570004500
001 6232
090 _a6232
100 _a19980515 1997 m||y0pory5003 ba
102 _aPT
200 _aRelatório de Estágio para observador Geofísico
_fMaria Alice Nazareth
210 _aLisboa
_cIM
_d1997
215 _a70 p.
_d29 cm
300 _aDepartamento de Sismologia
606 _aRELATORIOS
_zIM
675 _a
700 1 _aNazareth
_bmaria Alice